| 000 | 00357nam a2200133 4500 | ||
|---|---|---|---|
| 005 | 20260530115257.0 | ||
| 100 | 1 |
_aRik Nys _930630 |
|
| 245 | 1 | 0 | _aDavid Chipperfield Architects / Yearbook 2008 |
| 264 | 1 |
_bDavid Chipperfied Ed. _c2008 |
|
| 300 | _a156 páginas | ||
| 336 |
_atexto _2rdacontent |
||
| 337 |
_asin medio _2rdamedia |
||
| 338 |
_avolumen _2rdacarrier |
||
| 999 |
_c12653 _d12653 |
||